00342nam a2200133Ia 4500008004100000041001200041100001800053245005700071250000800128260003000136300000900166650001600175700001700191221030s9999 xx 000 0 und d aEnglish aV. J. Vibhute 0a8 Bit Microprocessorcby V. J. Vibhute, P. B. Borole a5th bTech-Max Pub.aPunec2002 a17.7 aBB Computer aP. B. Borole